000
00298cam a2200121ua 4500
082
_a
630
_b
OJH/AG
100
_a
Ojha, T.P.
_9
1660
245
_a
Agricultural Engineering /
260
_a
Thrissur :
_b
Current Books ,
_c
1986.
300
_a
638 ; .
650
_a
Agricultural Engineering
_9
115
942
_c
BK
999
_c
185
_d
185